| 000 | 00639nam a22001937a 4500 | ||
|---|---|---|---|
| 005 | 20250116112601.0 | ||
| 010 | _aENG-143486 | ||
| 035 | _aEN-127018 | ||
| 037 | _bDBAD | ||
| 082 | _a353.36 | ||
| 100 |
_aRai, Vikash Narain _976674 |
||
| 245 |
_aIntegrated Police training; _bAn outline of capacity Building response to field Challenges/ _cVikash narain rai |
||
| 260 |
_aHyderabad _bSVP National police Academy |
||
| 270 |
_bHyderabad _aShivrampalli Hyderabad _e500052 _k04024015151 |
||
| 300 |
_a120 p. _c22 cm |
||
| 500 | _aPolice Training | ||
| 700 |
_aVikash narain rai _976612 |
||
| 942 |
_2ddc _cEN _mRai _h353.36 |
||
| 999 |
_c208549 _d208549 |
||